<?xml version="1.0" encoding="UTF-8"?>
<record
    xmlns:xsi="http://www.w3.org/2001/XMLSchema-instance"
    xsi:schemaLocation="http://www.loc.gov/MARC21/slim http://www.loc.gov/standards/marcxml/schema/MARC21slim.xsd"
    xmlns="http://www.loc.gov/MARC21/slim">

  <leader>00375    a2200145   4500</leader>
  <controlfield tag="005">20250617130121.0</controlfield>
  <datafield tag="020" ind1=" " ind2=" ">
    <subfield code="a">0-07-020398-9</subfield>
  </datafield>
  <datafield tag="082" ind1=" " ind2=" ">
    <subfield code="a">LM 671.071 FEI</subfield>
  </datafield>
  <datafield tag="100" ind1=" " ind2=" ">
    <subfield code="a">FEIRER, J. L.</subfield>
  </datafield>
  <datafield tag="245" ind1=" " ind2=" ">
    <subfield code="a">General Metals</subfield>
  </datafield>
  <datafield tag="250" ind1=" " ind2=" ">
    <subfield code="a">6th Ed.</subfield>
  </datafield>
  <datafield tag="260" ind1=" " ind2=" ">
    <subfield code="a">Lake forest,</subfield>
    <subfield code="b">McGraw-Hill,</subfield>
    <subfield code="c">1991.</subfield>
  </datafield>
  <datafield tag="300" ind1=" " ind2=" ">
    <subfield code="a">vi, 506p.: ill.; figure, picture, table.</subfield>
    <subfield code="b">Index.</subfield>
    <subfield code="c">25cm.</subfield>
  </datafield>
  <datafield tag="942" ind1=" " ind2=" ">
    <subfield code="2">ddc</subfield>
    <subfield code="c">BKS</subfield>
  </datafield>
  <datafield tag="999" ind1=" " ind2=" ">
    <subfield code="c">4216</subfield>
    <subfield code="d">4216</subfield>
  </datafield>
  <datafield tag="952" ind1=" " ind2=" ">
    <subfield code="r">2025-06-17 13:02:55</subfield>
    <subfield code="l">0</subfield>
    <subfield code="o">LM 671.071 FEI</subfield>
    <subfield code="p">0000004197</subfield>
    <subfield code="v">36000.00</subfield>
    <subfield code="w">2025-06-17</subfield>
    <subfield code="y">BKS</subfield>
    <subfield code="1">0</subfield>
    <subfield code="2">ddc</subfield>
    <subfield code="4">0</subfield>
    <subfield code="7">0</subfield>
    <subfield code="0">0</subfield>
    <subfield code="a">CBEML</subfield>
    <subfield code="b">CBEML</subfield>
    <subfield code="c">GEN</subfield>
    <subfield code="d">2000-09-06</subfield>
    <subfield code="g">12000.00</subfield>
  </datafield>
  <datafield tag="952" ind1=" " ind2=" ">
    <subfield code="r">2025-06-17 13:04:41</subfield>
    <subfield code="l">0</subfield>
    <subfield code="o">LM 671.071 FEI</subfield>
    <subfield code="p">00000013124</subfield>
    <subfield code="v">36000.00</subfield>
    <subfield code="w">2025-06-17</subfield>
    <subfield code="y">BKS</subfield>
    <subfield code="1">0</subfield>
    <subfield code="2">ddc</subfield>
    <subfield code="4">0</subfield>
    <subfield code="7">0</subfield>
    <subfield code="0">0</subfield>
    <subfield code="a">CBEML</subfield>
    <subfield code="b">CBEML</subfield>
    <subfield code="c">GEN</subfield>
    <subfield code="d">2000-09-06</subfield>
    <subfield code="g">12000.00</subfield>
  </datafield>
  <datafield tag="952" ind1=" " ind2=" ">
    <subfield code="r">2025-06-17 13:23:42</subfield>
    <subfield code="l">0</subfield>
    <subfield code="o">LM 671.071 FEI</subfield>
    <subfield code="p">00000013126</subfield>
    <subfield code="v">36000.00</subfield>
    <subfield code="w">2025-06-17</subfield>
    <subfield code="y">BKS</subfield>
    <subfield code="1">0</subfield>
    <subfield code="2">ddc</subfield>
    <subfield code="4">0</subfield>
    <subfield code="7">0</subfield>
    <subfield code="0">0</subfield>
    <subfield code="a">CBEML</subfield>
    <subfield code="b">CBEML</subfield>
    <subfield code="c">GEN</subfield>
    <subfield code="d">2000-09-06</subfield>
    <subfield code="g">12000.00</subfield>
  </datafield>
  <datafield tag="952" ind1=" " ind2=" ">
    <subfield code="r">2025-06-28 09:10:42</subfield>
    <subfield code="l">0</subfield>
    <subfield code="o">LM 671.071 FEI</subfield>
    <subfield code="p">DOM0002458</subfield>
    <subfield code="v">36000.00</subfield>
    <subfield code="w">2025-06-17</subfield>
    <subfield code="y">BKS</subfield>
    <subfield code="1">0</subfield>
    <subfield code="2">ddc</subfield>
    <subfield code="4">0</subfield>
    <subfield code="7">0</subfield>
    <subfield code="0">0</subfield>
    <subfield code="a">004</subfield>
    <subfield code="b">004</subfield>
    <subfield code="c">GEN</subfield>
    <subfield code="d">2000-09-06</subfield>
    <subfield code="e">Library budget</subfield>
    <subfield code="g">12000.00</subfield>
  </datafield>
</record>
